Normal view
MARC view
- F. Johnson, D.Sc
Entry Personal Name
001 - CONTROL NUMBER
- control field: 44907
003 - CONTROL NUMBER IDENTIFIER
- control field: NUST
005 - DATE AND TIME OF LATEST TRANSACTION
- control field: 20210314133117.0
008 - FIXED-LENGTH DATA ELEMENTS
- fixed length control field: 210314|| aca||aabn | a|a d
040 ## - CATALOGING SOURCE
- Original cataloging agency: NUST
- Transcribing agency: NUST
100 ## - HEADING--PERSONAL NAME
- Personal name: F. Johnson, D.Sc
670 ## - SOURCE DATA FOUND
- Source citation: Work cat.: (NUST): F. Johnson, D.Sc., Metallurgical Experiments, 1944
